Luis Suarez Goals 2015 - Statistics

General Stats
  • This quiz has been taken 113 times
  • The average score is 11 of 26
Answer Stats
Suarez % Correct
Real Madrid
96%
Atletico Madrid
84%
Sevilla
76%
Valencia
74%
Athletic Bilbao
68%
Juventus
68%
Paris SG
65%
Getafe
43%
Betis
41%
Real Sociedad
38%
Manchester City
37%
Eibar
35%
Levante
35%
Villarreal
35%
Villarreal
35%
River Plate
31%
AS Roma
30%
Granada
30%
Las Palmas
29%
Elche
26%
Rayo Vallecano
26%
Bayer Leverkusen
23%
Almeria
18%
Córdoba
16%
BATE Borisov
15%
Guangzhou Evergrande
5%
No matching quizzes found
Score Distribution
Percent of People with Each Score
Percentile by Number Answered
Your Score History
You have not taken this quiz